000 00370nam a2200157 i 4500
001 bg
100 1 _aPACHOTA, Z.
245 0 _aJęzyk rosyjski.
_nCz. 2,
_pTeksty /
_cZ. Pachota, B. Sucharek.
250 _aWyd. 4.
260 _aKraków,
_c1984.
700 1 _aSUCHAREK, B.
040 _cBPK
041 _apol
942 _cKS
008 s pl f |000 0 pol
999 _c2597
_d2597
856 _uhttp://koha.tu.koszalin.pl/cgi-bin/koha/opac-detail.pl?biblionumber=2597
_yKatalog online BPK